| 000 | 00873nam a2200313 a 4500 | ||
|---|---|---|---|
| 003 | AR-BaBNM | ||
| 005 | 20251128203501.0 | ||
| 008 | 082120s2002 ||||||||||||||000 | spa|| | ||
| 040 | _cAR-BaBNM | ||
| 245 | 0 | 0 |
_aHistoria de la literatura argentina _n6 |
| 250 | _a1ª ed. | ||
| 260 |
_aBuenos Aires _bPeuser _c1959 |
||
| 300 |
_a483 p. _bil |
||
| 500 | _aIndice analítico p. 351-480 | ||
| 500 | _aIndice general p. 485-489 | ||
| 504 | _aBibliografía p. 347-350 | ||
| 650 | 4 | _aLITERATURA ARGENTINA | |
| 650 | 4 | _aHISTORIA LITERARIA | |
| 650 | 4 | _aANALISIS LITERARIO | |
| 650 | 4 | _aHISTORIOGRAFIA | |
| 650 | 4 | _aLIBROS | |
| 653 | _aCANCIONEROS | ||
| 655 | _aLITERATURA | ||
| 700 | 1 |
_aArrieta, Rafael Alberto _edirector |
|
| 700 | 1 |
_aCaillet-Bois, Ricardo Rodolfo _ecolaborador |
|
| 700 | 1 |
_aBuonocore, Domingo _ecolaborador |
|
| 942 | _cBK | ||
| 998 | _cCarmen | ||
| 999 |
_c3591 _d3591 |
||